Ładuje się......

VASTUKAUMUDI

Opis bibliograficzny
1. autor: VASU ACHARI
Format: Printed Book
Wydane: Alappuzha Vidyarambham
Hasła przedmiotowe:
LEADER 00416nam a2200169 4500
020
082 |a 720 VAS 
100 |a VASU ACHARI 
245 |a VASTUKAUMUDI  |h English 
250
260 |a Alappuzha  |b Vidyarambham 
300
650 |a VASTUKAUMUDI 
700
942 |c BK 
999 |c 151221  |d 151221 
952 |0 0  |1 0  |4 0  |6 720_000000000000000_VAS  |7 0  |9 164681  |a ORI  |b ORI  |l 0  |o 720 VAS  |p ORI7174  |r 2019-10-25  |w 2019-10-25  |y BK